Cesare e Pompeo (Record no. 12144)

MARC details
000 -LEADER
campo de control de longitud fija 00892nam a2200241 i 4500
001 - NÚMERO DE CONTROL
campo de control 12144
003 - IDENTIFICADOR DE NÚMERO DE CONTROL
campo de control ES-MaACL
005 - FECHA Y HORA DE LA ÚLTIMA TRANSACCIÓN
campo de control 20230906150241.0
007 - CAMPO FIJO DE DESCRIPCIÓN FÍSICA--INFORMACIÓN GENERAL
campo de control de longitud fija t|
008 - DATOS DE LONGITUD FIJA--INFORMACIÓN GENERAL
campo de control de longitud fija 970416s1992 it a |||| | ita d
080 ## - NÚMERO DE LA CLASIFICACIÓN DECIMAL UNIVERSAL
Número de la Clasificación Decimal Universal 782.1 Pace, Massimiliano. Cesare e Pompeo 089.1
080 ## - NÚMERO DE LA CLASIFICACIÓN DECIMAL UNIVERSAL
Número de la Clasificación Decimal Universal 782.1 Pellegrino, Stefano. Cesare e Pompeo 089.1
080 ## - NÚMERO DE LA CLASIFICACIÓN DECIMAL UNIVERSAL
Número de la Clasificación Decimal Universal 850-293.1"19"
100 1# - ENTRADA PRINCIPAL--NOMBRE DE PERSONA
Nombre de persona Ostuni, Lorenzo.
9 (RLIN) 87829
245 10 - MENCIÓN DEL TÍTULO
Título Cesare e Pompeo
Resto del título : passione e morte della Repubblica /
Mención de responsabilidad, etc. testo = text, Lorenzo Ostuni ; musica = music, Massimiliano Pace, Stefano Pellegrino ; scenografia = scenography, Bruno D'Arcevia.
260 ## - PUBLICACIÓN, DISTRIBUCIÓN, ETC.
Lugar de publicación, distribución, etc. Rome :
Nombre del editor, distribuidor, etc. Carte Segrete,
Fecha de publicación, distribución, etc. 1992.
300 ## - DESCRIPCIÓN FÍSICA
Extensión 363 p. :
Otras características físicas il. ;
Dimensiones 35 cm.
500 ## - NOTA GENERAL
Nota general Texto en italiano e inglés.
700 1# - ENTRADA AGREGADA--NOMBRE PERSONAL
Nombre de persona Pace, Massimiliano.
9 (RLIN) 88111
700 1# - ENTRADA AGREGADA--NOMBRE PERSONAL
Nombre de persona Pellegrino, Stefano.
9 (RLIN) 90068
700 1# - ENTRADA AGREGADA--NOMBRE PERSONAL
Nombre de persona D'Arcevia, Bruno.
9 (RLIN) 42357
852 ## - LOCALIZACIÓN
Ubicación ES-MaACL
Número de control de estantería L-19402
Holdings
Estatus retirado Estado de pérdida Estado de daño No para préstamo Biblioteca de origen Biblioteca actual Ubicación en estantería Fecha de adquisición Fuente de adquisición Total de préstamos Signatura topográfica completa Código de barras Visto por última vez Precio de reemplazo Tipo de ítem Koha
        Biblioteca del Ateneo de Madrid Biblioteca del Ateneo de Madrid Depósito 2 17/01/2008     L-19402 1012373 23/02/2023 23/02/2023 Libro impreso